<?xml version="1.0" encoding="UTF-8"?>
<record
    xmlns:xsi="http://www.w3.org/2001/XMLSchema-instance"
    xsi:schemaLocation="http://www.loc.gov/MARC21/slim http://www.loc.gov/standards/marcxml/schema/MARC21slim.xsd"
    xmlns="http://www.loc.gov/MARC21/slim">

  <leader>00680nam a22001817a 4500</leader>
  <controlfield tag="005">20230616120453.0</controlfield>
  <controlfield tag="008">230616b           ||||| |||| 00| 0 eng d</controlfield>
  <datafield tag="040" ind1=" " ind2=" ">
    <subfield code="c">AL</subfield>
  </datafield>
  <datafield tag="041" ind1=" " ind2=" ">
    <subfield code="a">mal</subfield>
  </datafield>
  <datafield tag="082" ind1=" " ind2=" ">
    <subfield code="2">23</subfield>
    <subfield code="a">894.8128</subfield>
    <subfield code="b">PLAV</subfield>
  </datafield>
  <datafield tag="100" ind1=" " ind2=" ">
    <subfield code="a">Silviya Plath: &#xD38;&#xD3F;&#xD7D;&#xD35;&#xD3F;&#xD2F; &#xD2A;&#xD32;&#xD24;&#xD4D; </subfield>
    <subfield code="9">124164</subfield>
  </datafield>
  <datafield tag="245" ind1=" " ind2=" ">
    <subfield code="a">Veettilekkulla Kathukal: &#xD35;&#xD40;&#xD1F;&#xD4D;&#xD1F;&#xD3F;&#xD32;&#xD47;&#xD15;&#xD4D;&#xD15;&#xD41;&#xD33;&#xD4D;&#xD33; &#xD15;&#xD3E;&#xD24;&#xD41;&#xD15;&#xD7E; </subfield>
  </datafield>
  <datafield tag="260" ind1=" " ind2=" ">
    <subfield code="a">Kozhikode</subfield>
    <subfield code="b">Olive Publications Pvt Ltd</subfield>
    <subfield code="c">2005</subfield>
  </datafield>
  <datafield tag="300" ind1=" " ind2=" ">
    <subfield code="a">152p.</subfield>
    <subfield code="b">PB</subfield>
    <subfield code="c">21x14cm.</subfield>
  </datafield>
  <datafield tag="650" ind1=" " ind2=" ">
    <subfield code="a">Malayalam Letters: &#xD2E;&#xD32;&#xD2F;&#xD3E;&#xD33;&#xD02; &#xD32;&#xD46;&#xD31;&#xD4D;&#xD31;&#xD47;&#xD34;&#xD4D;&#xD38;&#xD4D; </subfield>
    <subfield code="9">124162</subfield>
  </datafield>
  <datafield tag="700" ind1=" " ind2=" ">
    <subfield code="a">PLATH (Sylvia): &#xD2A;&#xD32;&#xD24;&#xD4D; (&#xD38;&#xD3F;&#xD7D;&#xD35;&#xD3F;&#xD2F;)</subfield>
    <subfield code="9">124163</subfield>
  </datafield>
  <datafield tag="942" ind1=" " ind2=" ">
    <subfield code="2">ddc</subfield>
    <subfield code="c">DB</subfield>
  </datafield>
  <datafield tag="999" ind1=" " ind2=" ">
    <subfield code="c">227551</subfield>
    <subfield code="d">227551</subfield>
  </datafield>
  <datafield tag="952" ind1=" " ind2=" ">
    <subfield code="0">0</subfield>
    <subfield code="1">0</subfield>
    <subfield code="2">ddc</subfield>
    <subfield code="4">0</subfield>
    <subfield code="7">0</subfield>
    <subfield code="8">OTH</subfield>
    <subfield code="a">AL</subfield>
    <subfield code="b">AL</subfield>
    <subfield code="d">2023-06-10</subfield>
    <subfield code="l">0</subfield>
    <subfield code="o">894.8128 PLAV</subfield>
    <subfield code="p">D05783</subfield>
    <subfield code="r">2023-06-16 00:00:00</subfield>
    <subfield code="w">2023-06-16</subfield>
    <subfield code="y">DB</subfield>
    <subfield code="z">Donated by Sara Abubakkar</subfield>
  </datafield>
</record>
